000
00283nam a2200133Ia 4500
100
_a
BADVE/S.M.
942
_c
BK
654
_a
calculus
245
_a
Differential Calculus
260
_b
Somaiya Publications
_a
Bombay
_c
1971
082
_a
515.33
300
_a
172
546
_a
ENGLISH
999
_c
31692
_d
31692